000 00725nam a2200229Ii 4500
003 JO-AjNU
008 230605s9999||||xx |||||||||||||| ||und||
017 _a2008/9/3113
020 _a978-9957-11-775-7
040 _aJO-AjNU
_bara
_erda
_cJO-AjNU
041 _aara
050 1 4 _aKMM433.S35.2009
100 3 _aالسعيد، كامل ,
_eauthor
_932929
245 0 0 _aشرح قانون العقوبات : القسم الخاص
250 _aط1
264 3 1 _aعمان : دار وائل ، 2009
300 _a324ص
336 _atext
_btxt
_2rdacontent
337 _aunmediated
_bn
_2rdamedia
338 _avolume
_bnc
_2rdacarrier
650 4 _aالقانون الجنائي -- العقوبات -- الأردن
_932930
999 _aA13349
_c16917
_d16917